Japanese Vocabulary: Money - Statistics

General Stats
  • This quiz has been taken 37 times
  • The average score is 17 of 59
Answer Stats
English Kanji/Kana Answer % Correct
money お金 okane
94%
Yen en
88%
card カード kādo
71%
rich person お金持ち okanemochi
71%
cash 現金 genkin
53%
economy 経済 keizai
53%
Yuan ユアン yuan
53%
Euro ユーロ yūro
53%
balance バランス baransu
47%
Dollar ドル doru
47%
coin コイン koin
47%
bank account 口座 kōza
47%
salary 給料 kyūryō
47%
free, gratis 無料 muryō
47%
saving money 貯金 chokin
41%
debt 借金 shakkin
41%
Won ウォン uon
41%
tax 税金 zeikin
41%
account アカウント akaunto
35%
credit クレジット kurejitto
35%
fee 料金 ryōkin
35%
income 収入 shūnyū
35%
investment 投資 tōshi
35%
price 価格 kakaku
29%
payment 支払い shiharai
29%
import 輸入 yunyū
29%
trade 貿易 bōeki
24%
loan ローン rōn
24%
PIN 暗証番号 anshōbangō
18%
economic recession 不景気 fukeiki
18%
fund 基金 kikin
18%
safe 金庫 kinko
18%
finance 金融 kin'yū
18%
capital 資本 shihon
18%
taxes 租税 sozei
18%
currency 通貨 tsūka
18%
deposit 預金 yokin
18%
export 輸出 yushutsu
18%
cryptocurrency 暗号通貨 angōtsūka
12%
wage 賃金 chingin
12%
savings 貯蓄 chochiku
12%
liability 負債 fusai
12%
banking 銀行業 ginkōgyō
12%
cash withdrawal 引き出し hikidashi
12%
stock 株式 kabushiki
12%
business 企業 kigyō
12%
money laundering 資金洗浄 shikinsenjō
12%
asset 資産 shisan
12%
unemployment 失業 shitsugyō
12%
commerce 商業 shōgyō
12%
stock exchange 証券取引所 shōkentorihikijo
12%
prize, reward 賞金 shōkin
12%
revenue 収益 shūeki
12%
free market 自由市場 jiyūshijō
6%
tuition fee 授業料 jugyōryō
6%
mortgage 住宅ローン jūtakurōn
6%
market 景気 keiki
6%
auction 競売 kyōbai
6%
transaction トランザクション toranzakushon
6%
No matching quizzes found
Score Distribution
Percent of People with Each Score
Percentile by Number Answered
Your Score History
You have not taken this quiz